On This Day: June 2nd II Quiz Stats

 Plays Quiz Updated Jun 2, 2018

Score 0/7 Timer 03:00
0 Plays Today
Question Answer Wrong Answers
The coronation of this monarch takes place, one of the first major international events to be televised.
1953
Elizabeth II
97.2%
Margrethe II
0.3%
Catherine II
1.1%
Mary II
1%
During the 1962 ______, police intervene multiple times during fights between Chilean and Italian players, in one of the most violent games in the history of the sport.
1962
FIFA World Cup
92.5%
Presidents Cup
1.1%
World Baseball Classic
1%
Rugby World Cup Sevens
4.6%
On the game show ‘Jeopardy!’, this man begins what will become a record 74-game winning streak.
2004
Ken Jennings
84.4%
John Carpenter
6.2%
Arthur Chu
3.9%
Jason Sterlacci
4.3%
This album by The Beatles is released in the United States, with the band posing in front of a tableau of celebrities and historical figures on the cover.
1967
Sgt. Pepper's Lonely Hearts Club Band
82.3%
Magical Mystery Tour
11%
Rubber Soul
2%
Beatles for Sale
3.7%
This film directed by Patty Jenkins debuts in the United States, earning over $100 million in North America its opening weekend, a domestic record for a female director.
2017
Wonder Woman
81.6%
Thor: Ragnarok
4.9%
Star Wars: The Last Jedi
8%
Spider-Man: Homecoming
4.1%
Franklin D. Roosevelt opens the first ______ built inside the White House.
1933
Swimming Pool
51.2%
Basketball Court
3.5%
Billiards Rooms
6.2%
Bowling Alley
39%
In a referendum, citizens vote to turn ______ from a monarchy into a Republic, leading to the exile of King Umberto II.
1946
Italy
48.7%
Greece
6%
Spain
25.1%
Portugal
20%

You're not logged in!

Compare scores with friends on all Sporcle quizzes.
OR
Log In

Sporcle TV

Today on Sporcle TV


Watch our educational content, quiz creation guides, and fun videos on Sporcle TV.

Show Comments

Extras

Top Quizzes Today


Score Distribution

Your Account Isn't Verified!

In order to create a playlist on Sporcle, you need to verify the email address you used during registration. Go to your Sporcle Settings to finish the process.

Report this User

Report this user for behavior that violates our Community Guidelines.

Details: